LEADER 01036nam0-2200349---450- 001 990009638030403321 005 20121024103531.0 010 $a978-1-4398-1354-6 035 $a000963803 035 $aFED01000963803 035 $a(Aleph)000963803FED01 035 $a000963803 100 $a20121024d2011----km-y0itay50------ba 101 0 $aeng 102 $aUS 105 $aa-------001yy 200 1 $aHeat conduction using green's functions$fKevin D. Cole ... [et al.] 205 $a2nd ed. 210 $aBoca Raton$cCRC press$d©2011 215 $a643 p.$cill.$d24 cm 225 1 $aSeries in computational and physical processes in mechanics and thermal sciences 610 0 $aCalore$aConduzione$aMatematica 610 0 $aFunzioni di Green 676 $a536.23 702 1$aCole,$bKevin D. 801 0$aIT$bUNINA$gRICA$2UNIMARC 901 $aBK 912 $a990009638030403321 952 $a10 B II 836$bDIBET 2461$fDINEL 959 $aDINEL 996 $aHeat conduction using green's functions$9848158 997 $aUNINA LEADER 01092nam--2200349---450 001 990003036270203316 005 20230612093605.0 010 $a88-7642-102-5 035 $a000303627 035 $aUSA01000303627 035 $a(ALEPH)000303627USA01 035 $a000303627 100 $a20071219d2001----km-y0itay50------ba 101 $aita 102 $aIT 105 $aa---||||001yy 200 1 $aAntichi maestri in tournee$ele esposizioni d'arte e il loro significato$fFrancis Haskell$ga cura di Tomaso Montanari 210 $aPisa$cScuola normale superiore$d2001 215 $aXIII, 121 p., [13] carte di tav.$cill.$d23 cm 225 2 $aLezioni comparettiane$v4 410 0$12001$aLezioni comparettiane 606 0 $aPittura$zSec. 15.-17.$xFortuna 676 $a759.03 700 1$aHASKELL,$bFrancis$0157088 702 1$aMONTANARI,$bTomaso$f<1971- > 801 0$aIT$bsalbc$gISBD 912 $a990003036270203316 951 $aXII.2.B. 1332$b202190 L.M.$cXII.2.B.$d00065298 959 $aBK 969 $aUMA 996 $aAntichi maestri in tournee$91026263 997 $aUNISA LEADER 01605nas 2200349 n 450 001 990008932600403321 005 20240229084239.0 035 $a000893260 035 $aFED01000893260 035 $a(Aleph)000893260FED01 035 $a000893260 091 $2CNR$aPT02319181 100 $a20161109c1925uuuukm-y0itaa50------ba 101 0 $aeng 102 $aUS 110 $aauu-------- 200 1 $aBulletin of the Tropical Plant Research Foundation 207 1$a1925-0 210 $aWashington$cTropical Plant Research Foundation 530 0 $aBulletin of the Tropical Plant Research Foundation 675 $a580 712 02$aTropical Plant Research Foundation 801 0$aIT$bACNP$c20090723 859 4 $uhttp://acnp.cib.unibo.it/cgi-ser/start/it/cnr/dc-p1.tcl?catno=2319181&person=false&language=ITALIANO&libr=&libr_th=unina1$zBiblioteche che possiedono il periodico 901 $aSE 912 $a990008932600403321 958 $aBiblioteca del Dipartimento di Entomologia e Zoologia Agraria dell'Universitą degli Studi di Napoli Federico II$b1925-1929;$fDAGEN 959 $aDAGEN 996 $aBulletin of the Tropical Plant Research Foundation$9798250 997 $aUNINA AP1 8 $6866-01$aNA219 Biblioteca del Dipartimento di Entomologia e Zoologia Agraria dell'Universitą degli Studi di Napoli Federico II$eVia Universitą, 100, 80055 Portici (NA)$m0812539188$m0817755145$nit AP2 40$aacnp.cib.unibo.it$nACNP Italian Union Catalogue of Serials$uhttp://acnp.cib.unibo.it/cgi-ser/start/it/cnr/df-p.tcl?catno=2319181&language=ITALIANO&libr=&person=&B=1&libr_th=unina&proposto=NO